Affektivitás és társas alkalmazkodás a serdülő- és az ifjúkorban

Elmentve itt :
Bibliográfiai részletek
Szerző: Rókusfalvy Pál
Dokumentumtípus: Cikk
Megjelent: 1968
Sorozat:Magyar pedagógia : a Magyar Tudományos Akadémia Pedagógiai Bizottságának folyóirata 68 No. 4
Kulcsszavak:Személyiségpszichológia elmélet, Affektivitás, Alkalmazkodás
Online Access:http://misc.bibl.u-szeged.hu/12216
LEADER 00747nab a2200181 i 4500
001 misc12216
005 20191106141623.0
008 170607s1968 hu o 0|| hun d
022 |a 0025-0260 
040 |a SZTE Miscellanea Repozitórium  |b hun 
041 |a hun 
100 1 |a Rókusfalvy Pál 
245 1 0 |a Affektivitás és társas alkalmazkodás a serdülő- és az ifjúkorban  |h [elektronikus dokumentum] /  |c  Rókusfalvy Pál 
260 |c 1968 
300 |a 394-406 
490 0 |a Magyar pedagógia : a Magyar Tudományos Akadémia Pedagógiai Bizottságának folyóirata  |v 68 No. 4 
695 |a Személyiségpszichológia elmélet, Affektivitás, Alkalmazkodás 
856 4 0 |u http://misc.bibl.u-szeged.hu/12216/1/mp_1968_004_4712_394-406.pdf  |z Dokumentum-elérés